Пакеты трехкассетных пресс-форм для изготовления шевронных резинотканевых уплотнений. Конструкция и размеры; ГОСТ 25479-82 Пакеты трехкассетных пресс-форм для изготовления шевронных резинотканевых манжет. Конструкция и размеры; ГОСТ 25480-82 Пакеты трехкассетных пресс-форм для изготовления резинотканевых нажимных колец. Конструкция и размеры; ГОСТ 25481-82 Пакеты трехкассетных пресс-форм для изготовления резинотканевых опорных колец. Конструкция и размеры
| Співавтор: | |
|---|---|
| Мова: | Російська |
| Опубліковано: |
Москва, Изд-во стандартов, 1984
|
| Редагування: | Изд. офиц. |
| TOC: | ГОСТ 25479-82 Пакеты трехкассетных пресс-форм для изготовления шевронных резинотканевых манжет. Конструкция и размеры; ГОСТ 25480-82 Пакеты трехкассетных пресс-форм для изготовления резинотканевых нажимных колец. Конструкция и размеры; ГОСТ 25481-82 Пакеты трехкассетных пресс-форм для изготовления резинотканевых опорных колец. Конструкция и размеры; |
| Серія: | Государственные стандарты |
| Предмети: | |
| Формат: | Книга |
| KOHA link: | https://koha.lib.tpu.ru/cgi-bin/koha/opac-detail.pl?biblionumber=158704 |
MARC
| LEADER | 00000nam0a2200000 4500 | ||
|---|---|---|---|
| 001 | 158704 | ||
| 005 | 20231031154527.0 | ||
| 035 | |a (RuTPU)RU\TPU\book\172121 | ||
| 035 | |a RU\TPU\book\172080 | ||
| 090 | |a 158704 | ||
| 100 | |a 20090427d1984 km y0rusy50 ca | ||
| 101 | 0 | |a rus | |
| 102 | |a RU | ||
| 105 | |a a l 000zy | ||
| 200 | 1 | |a Пакеты трехкассетных пресс-форм для изготовления шевронных резинотканевых уплотнений. Конструкция и размеры | |
| 205 | |a Изд. офиц. | ||
| 210 | |a Москва |c Изд-во стандартов |d 1984 | ||
| 215 | |a 108 с. |c ил. | ||
| 225 | 1 | |a Государственные стандарты | |
| 464 | |t ГОСТ 25479-82 Пакеты трехкассетных пресс-форм для изготовления шевронных резинотканевых манжет. Конструкция и размеры | ||
| 464 | |t ГОСТ 25480-82 Пакеты трехкассетных пресс-форм для изготовления резинотканевых нажимных колец. Конструкция и размеры | ||
| 464 | |t ГОСТ 25481-82 Пакеты трехкассетных пресс-форм для изготовления резинотканевых опорных колец. Конструкция и размеры | ||
| 610 | 1 | |a ГОСТы | |
| 610 | 1 | |a пакеты | |
| 610 | 1 | |a пресс-формы | |
| 610 | 1 | |a изготовление | |
| 610 | 1 | |a уплотнения | |
| 712 | 0 | 1 | |a СССР |b Государственный комитет по стандартам (Госстандарт) |c (1978-1989) |2 stltpush |3 (RuTPU)RU\TPU\col\12454 |
| 801 | 2 | |a RU |b 63413507 |c 20221208 |g PSBO | |
| 942 | |c BK | ||